[Event "DEM U14 2013"]
[Site "Oberhof GER"]
[Date "2013.05.19"]
[Round "2"]
[White "Herzum, Peter"]
[Black "Baskin, Robert"]
[Result "1/2-1/2"]
[Termination "normal"]
[Board "1"]
[WhiteElo "1882"]
[BlackElo "2157"]
[PlyCount "46"]
[WhiteFideId "12919217"]
[BlackFideId "24662402"]
[EventCountry "GER"]
[EventRounds "9"]
[EventType "swiss"]
[EventDate "2013.05.18"]

1. d4 Nf6 2. Nc3 d5 3. Bg5 Nbd7 4. Qd3 c5 5. e3 e6 6. Nf3 Be7 7. Be2 O-O 8. O-O
b6 9. Ne5 Bb7 10. f4 Ne4 11. Bxe7 Qxe7 12. Nxe4 dxe4 13. Qd2 Rad8 14. c3 Nxe5
15. fxe5 Qg5 16. Rad1 f6 17. Bc4 Bd5 18. Bxd5 exd5 19. exf6 gxf6 20. Rf4 f5 21.
Rdf1 Rd7 22. Qf2 Rdf7 23. h3 Qg6 1/2-1/2

[Event "DEM U14 2013"]
[Site "Oberhof GER"]
[Date "2013.05.19"]
[Round "2"]
[White "Perske, Thore"]
[Black "Riehle, Marco"]
[Result "1-0"]
[Termination "normal"]
[Board "2"]
[WhiteElo "2158"]
[BlackElo "1876"]
[PlyCount "71"]
[WhiteFideId "12902195"]
[BlackFideId "12904392"]
[EventCountry "GER"]
[EventRounds "9"]
[EventType "swiss"]
[EventDate "2013.05.18"]

1. e4 e5 2. Nf3 Nf6 3. Nxe5 Nxe4 4. Qe2 Qe7 5. Qxe4 d6 6. d4 dxe5 7. dxe5 Nc6
8. Bb5 Bd7 9. Nc3 O-O-O 10. Bf4 Re8 11. O-O-O a6 12. Ba4 g5 13. Nd5 Qd8 14.
Bxc6 bxc6 15. Qc4 cxd5 16. Qxa6+ Kb8 17. Rxd5 gxf4 18. Ra5 c6 19. Qa7+ Kc8 20.
Qa8+ Kc7 21. Ra7+ Kb6 22. Rb7+ Kc5 23. Qa3+ Kd5 24. Qd3+ Ke6 25. Qc4+ Kxe5 26.
Qxf7 Bh6 27. Re1+ Kd6 28. Rxd7+ Qxd7 29. Rd1+ Ke5 30. Qxd7 f3+ 31. Kb1 fxg2 32.
Re1+ Kf4 33. Qf7+ Kg4 34. Rg1 Rhg8 35. a4 Kh4 36. Qxh7 1-0

[Event "DEM U14 2013"]
[Site "Oberhof GER"]
[Date "2013.05.19"]
[Round "2"]
[White "Höglauer, Patrick"]
[Black "Sawlin, Leonid"]
[Result "1/2-1/2"]
[Termination "normal"]
[Board "3"]
[WhiteElo "1928"]
[BlackElo "1952"]
[PlyCount "109"]
[WhiteFideId "1270548"]
[BlackFideId "4689542"]
[EventCountry "GER"]
[EventRounds "9"]
[EventType "swiss"]
[EventDate "2013.05.18"]

1. Nf3 d5 2. d4 Nf6 3. c4 e6 4. e3 dxc4 5. Nc3 a6 6. Bxc4 b5 7. Bd3 Bb7 8. O-O
Nbd7 9. b3 c5 10. Bb2 Qb6 11. Rc1 Be7 12. Bb1 O-O 13. Ne5 Rfd8 14. Nxd7 Rxd7
15. dxc5 Qxc5 16. Qe2 Qg5 17. f4 Qh4 18. Rfd1 Rad8 19. Rxd7 Rxd7 20. Nd1 Bb4
21. Bc3 Ba3 22. Nb2 Nd5 23. Be1 Qf6 24. Rc2 Bxb2 25. Rxb2 Nxe3 26. Rd2 Rxd2 27.
Bxd2 Nd5 28. Qe4 g6 29. Qe5 Qe7 30. h3 Bc6 31. b4 Qa7+ 32. Kf1 a5 33. f5 Qe7
34. Bh6 f6 35. Qb8+ Qe8 36. Qxe8+ Bxe8 37. fxg6 hxg6 38. bxa5 g5 39. a6 Bc6 40.
g3 Nc3 41. Bc2 Nxa2 42. Bb3 Nb4 43. Bxe6+ Kh7 44. Bf8 Nxa6 45. h4 gxh4 46. gxh4
Kg6 47. Bd6 Bb7 48. Bd7 b4 49. Be6 Kh5 50. Be7 Nc7 51. Bf7+ Kxh4 52. Bxf6+ Kg4
53. Be7 Bd5 54. Bxd5 Nxd5 55. Bxb4 1/2-1/2

[Event "DEM U14 2013"]
[Site "Oberhof GER"]
[Date "2013.05.19"]
[Round "2"]
[White "Kitze, Alexander"]
[Black "Ehmann, Thilo"]
[Result "1-0"]
[Termination "normal"]
[Board "4"]
[WhiteElo "1992"]
[BlackElo "1878"]
[PlyCount "105"]
[WhiteFideId "12914827"]
[BlackFideId "12940968"]
[EventCountry "GER"]
[EventRounds "9"]
[EventType "swiss"]
[EventDate "2013.05.18"]

1. e4 e5 2. Nf3 Nc6 3. Bb5 a6 4. Ba4 Nf6 5. O-O Be7 6. Re1 b5 7. Bb3 O-O 8. h3
Bb7 9. c3 d5 10. d4 Na5 11. Bc2 dxe4 12. Nxe5 Qd5 13. Bg5 Qe6 14. Nd2 h6 15.
Bxf6 gxf6 16. Qg4+ Qxg4 17. Nxg4 Kg7 18. Bxe4 Bxe4 19. Rxe4 Ba3 20. bxa3 f5 21.
Rf4 fxg4 22. Rxg4+ Kh7 23. Re1 Rae8 24. Rxe8 Rxe8 25. Re4 Rxe4 26. Nxe4 Nc4 27.
Nf6+ Kg6 28. Nd5 Nxa3 29. Nxc7 Nb1 30. Nxa6 Nxc3 31. Nb4 Ne2+ 32. Kf1 Nxd4 33.
Ke1 Kf5 34. Kd2 Ke5 35. Kd3 Ne6 36. Kc3 Kd6 37. Nd3 Kd5 38. Kb4 Nd4 39. Nc5 Kc6
40. Ne4 Ne2 41. Nc3 Nd4 42. g4 Ne6 43. Nxb5 Nf4 44. Nd4+ Kd5 45. Nf5 Nxh3 46.
f3 Ng5 47. a4 Nxf3 48. Kb5 Ke6 49. a5 Kd7 50. Kb6 Ne5 51. a6 Nc6 52. Nxh6 Nb4
53. a7 1-0

[Event "DEM U14 2013"]
[Site "Oberhof GER"]
[Date "2013.05.19"]
[Round "2"]
[White "Kololli, Kevin"]
[Black "Mager, Denis"]
[Result "1/2-1/2"]
[Termination "normal"]
[Board "5"]
[WhiteElo "1827"]
[BlackElo "2006"]
[PlyCount "68"]
[WhiteFideId "12936863"]
[BlackFideId "24691127"]
[EventCountry "GER"]
[EventRounds "9"]
[EventType "swiss"]
[EventDate "2013.05.18"]

1. e4 c5 2. Nf3 Nc6 3. d4 cxd4 4. Nxd4 e5 5. Nb5 a6 6. Nd6+ Bxd6 7. Qxd6 Qe7 8.
Qd1 Nf6 9. Nc3 d6 10. Bc4 b5 11. Bd5 Nxd5 12. Nxd5 Qd8 13. Be3 O-O 14. O-O Be6
15. a4 Rc8 16. axb5 axb5 17. c3 Ne7 18. Bb6 Qe8 19. Nb4 Nc6 20. Qxd6 Nxb4 21.
Qxb4 Rc4 22. Qa5 Qc6 23. f3 f5 24. exf5 Bxf5 25. Bf2 Bd3 26. Rfd1 e4 27. Qa6
Qd5 28. fxe4 Rxe4 29. Qa2 Rc4 30. Bd4 Qf5 31. Qa7 Rf7 32. Qb8+ Rc8 33. Qg3 Bc4
34. h3 Qc2 1/2-1/2

[Event "DEM U14 2013"]
[Site "Oberhof GER"]
[Date "2013.05.19"]
[Round "2"]
[White "Hartge, Gedeon"]
[Black "Schmidt, Tobias"]
[Result "1/2-1/2"]
[Termination "normal"]
[Board "6"]
[WhiteElo "1781"]
[BlackElo "1924"]
[PlyCount "43"]
[WhiteFideId "12932116"]
[BlackFideId "1271683"]
[EventCountry "GER"]
[EventRounds "9"]
[EventType "swiss"]
[EventDate "2013.05.18"]

1. d4 d5 2. c4 dxc4 3. e4 Nc6 4. d5 Ne5 5. Bf4 Ng6 6. Bg3 e5 7. Bxc4 a6 8. Ne2
Bd6 9. O-O Nf6 10. Qc2 O-O 11. a3 Qe7 12. Nbc3 Bd7 13. Kh1 Nh5 14. Nd1 f5 15.
exf5 Bxf5 16. Qd2 b5 17. Ba2 Nhf4 18. Bxf4 Nxf4 19. Ng3 Bg6 20. Nc3 Qg5 21. f3
Qe7 22. Rfe1 1/2-1/2

[Event "DEM U14 2013"]
[Site "Oberhof GER"]
[Date "2013.05.19"]
[Round "2"]
[White "Ovsepyan, Arshak"]
[Black "Kololli, Martin"]
[Result "1-0"]
[Termination "normal"]
[Board "7"]
[WhiteElo "1997"]
[BlackElo "1816"]
[PlyCount "91"]
[WhiteFideId "24690236"]
[BlackFideId "12936910"]
[EventCountry "GER"]
[EventRounds "9"]
[EventType "swiss"]
[EventDate "2013.05.18"]

1. d4 f5 2. g3 Nf6 3. Bg2 g6 4. c4 Bg7 5. Nc3 O-O 6. Nf3 d6 7. O-O Nc6 8. Bg5
h6 9. Bxf6 Bxf6 10. e4 fxe4 11. Nxe4 Bg4 12. Nxf6+ Rxf6 13. Qd3 Kg7 14. Nd2 e6
15. Ne4 Rf8 16. f4 e5 17. fxe5 Rxf1+ 18. Rxf1 dxe5 19. d5 Nd4 20. Nc3 Qd6 21.
b3 a6 22. Kh1 Rf8 23. Ne4 Rxf1+ 24. Qxf1 Qe7 25. c5 Bf5 26. d6 Qd7 27. dxc7
Bxe4 28. Bxe4 Qxc7 29. Qc4 Nc6 30. Kg2 Ne7 31. b4 Kf6 32. Qd3 g5 33. Kf3 Nc6
34. Bxc6 Qxc6+ 35. Ke3 Qc7 36. Qd5 Qe7 37. g4 Qc7 38. a3 e4 39. Qd6+ Qxd6 40.
cxd6 Ke6 41. Kxe4 Kxd6 42. Kf5 Kd5 43. Kg6 Kc4 44. Kxh6 Kb3 45. Kxg5 Kxa3 46.
h4 1-0

[Event "DEM U14 2013"]
[Site "Oberhof GER"]
[Date "2013.05.19"]
[Round "2"]
[White "Gretz, Denis"]
[Black "Scheinhütte, Jakob"]
[Result "1-0"]
[Termination "normal"]
[Board "8"]
[WhiteElo "1912"]
[BlackElo "1722"]
[PlyCount "49"]
[WhiteFideId "12945188"]
[BlackFideId "24693944"]
[EventCountry "GER"]
[EventRounds "9"]
[EventType "swiss"]
[EventDate "2013.05.18"]

1. e4 e6 2. d4 d5 3. Nc3 Bb4 4. e5 Ne7 5. Bd2 c5 6. Nb5 Bxd2+ 7. Qxd2 O-O 8.
dxc5 Nbc6 9. f4 f6 10. exf6 Rxf6 11. O-O-O b6 12. cxb6 Qxb6 13. Nf3 Rb8 14. b3
a6 15. Nbd4 Qc5 16. Kb2 Na5 17. Ne5 Nc4+ 18. Bxc4 dxc4 19. Ne2 Nd5 20. Nc3 Nxf4
21. Qd6 Qxd6 22. Rxd6 Bb7 23. Nd7 Rff8 24. Nxb8 Rxb8 25. Rb6 1-0

[Event "DEM U14 2013"]
[Site "Oberhof GER"]
[Date "2013.05.19"]
[Round "2"]
[White "Schmidt, Daniel"]
[Black "Bergauz, Noam"]
[Result "0-1"]
[Termination "normal"]
[Board "9"]
[WhiteElo "1731"]
[BlackElo "1900"]
[PlyCount "102"]
[WhiteFideId "12931349"]
[BlackFideId "12938033"]
[EventCountry "GER"]
[EventRounds "9"]
[EventType "swiss"]
[EventDate "2013.05.18"]

1. e4 c6 2. d4 d5 3. exd5 cxd5 4. Nf3 Nf6 5. Be3 Bg4 6. c4 e6 7. Nc3 Be7 8.
cxd5 exd5 9. Be2 O-O 10. h3 Bh5 11. O-O Nc6 12. Ne5 Bxe2 13. Qxe2 Rc8 14. Qf3
Qd6 15. Rfe1 Rfd8 16. g4 h6 17. h4 Qe6 18. g5 hxg5 19. hxg5 Nh7 20. Nxc6 Qxc6
21. Qg2 Qg6 22. Nxd5 Bxg5 23. Bxg5 Rxd5 24. Qxd5 Nxg5 25. Kf1 Qd3+ 26. Re2 Nf3
27. Qd7 Rc2 28. Qe8+ Kh7 29. Qe4+ Qxe4 30. Rxe4 Nd2+ 31. Ke2 Nxe4+ 32. Kd3 Rxf2
33. Kxe4 Rxb2 34. Ke5 Rb6 35. d5 f6+ 36. Kd4 Kg8 37. Kc5 Kf7 38. Re1 Ra6 39.
Re2 g5 40. d6 Ra5+ 41. Kc4 Re5 42. Rd2 Ke8 43. Rf2 Re6 44. Kc5 Kd7 45. a4 Rxd6
46. a5 b6+ 47. axb6 axb6+ 48. Kb5 g4 49. Ka6 Ke6 50. Ka7 b5 51. Rf1 f5 0-1

[Event "DEM U14 2013"]
[Site "Oberhof GER"]
[Date "2013.05.19"]
[Round "2"]
[White "Rinck, Michael"]
[Black "Vogel, Roven"]
[Result "1-0"]
[Termination "normal"]
[Board "10"]
[WhiteElo "1820"]
[BlackElo "2065"]
[PlyCount "101"]
[WhiteFideId "24690104"]
[BlackFideId "12908088"]
[EventCountry "GER"]
[EventRounds "9"]
[EventType "swiss"]
[EventDate "2013.05.18"]

1. e4 d6 2. d4 Nf6 3. Nc3 g6 4. g3 Bg7 5. Bg2 Nbd7 6. Nge2 O-O 7. O-O e5 8. h3
c6 9. a4 Re8 10. Be3 exd4 11. Nxd4 Nc5 12. Bg5 h6 13. Bxf6 Qxf6 14. Nde2 a5 15.
Qd2 Bd7 16. Rad1 Bf8 17. Nf4 Rad8 18. Rfe1 Bc8 19. Nd3 Bg7 20. Nxc5 dxc5 21.
Qe3 Rd4 22. f4 Red8 23. e5 Qe7 24. Qe2 g5 25. Rxd4 Rxd4 26. Qf2 gxf4 27. gxf4
Bf5 28. Kh2 Qd8 29. Re2 Qc7 30. Be4 Qd7 31. Qg3 Bxe4 32. Nxe4 Qf5 33. Rg2 Qg6
34. Qxg6 fxg6 35. Nxc5 Rxf4 36. Rxg6 Rf2+ 37. Rg2 Rxg2+ 38. Kxg2 b5 39. axb5
cxb5 40. Nd3 Bf8 41. Kf3 a4 42. c3 Kf7 43. Ke4 Ke7 44. Kd5 Kd7 45. e6+ Kc7 46.
Nb4 Bxb4 47. cxb4 Kd8 48. Kd6 Ke8 49. e7 h5 50. h4 a3 51. bxa3 1-0

[Event "DEM U14 2013"]
[Site "Oberhof GER"]
[Date "2013.05.19"]
[Round "2"]
[White "Schröder, Kevin"]
[Black "Berezhnoy, Alex"]
[Result "1-0"]
[Termination "normal"]
[Board "11"]
[WhiteElo "2046"]
[BlackElo "1719"]
[PlyCount "65"]
[WhiteFideId "12929840"]
[BlackFideId "12918997"]
[EventCountry "GER"]
[EventRounds "9"]
[EventType "swiss"]
[EventDate "2013.05.18"]

1. e4 e5 2. Nf3 Nf6 3. Nxe5 d6 4. Nf3 Nxe4 5. Nc3 Nxc3 6. dxc3 Be7 7. Be3 O-O
8. Qd2 Nc6 9. O-O-O Be6 10. Bd3 Ne5 11. Nxe5 dxe5 12. Qe2 Qe8 13. h4 Qa4 14. a3
a6 15. f3 Rad8 16. Bf2 Qf4+ 17. Kb1 Bd5 18. Rde1 f6 19. c4 Be6 20. g4 Rxd3 21.
cxd3 Qh6 22. h5 Rd8 23. Qe4 Qd2 24. h6 g6 25. Bh4 Bxa3 26. Re2 Qb4 27. Bxf6 Bf7
28. Bxd8 Qb3 29. Qxe5 Qxd3+ 30. Rc2 Bf8 31. Be7 Qxf3 32. Bxf8 Kxf8 33. Re1 1-0

[Event "DEM U14 2013"]
[Site "Oberhof GER"]
[Date "2013.05.19"]
[Round "2"]
[White "Rausch, Adrian"]
[Black "Kollars, Dmitrij"]
[Result "0-1"]
[Termination "normal"]
[Board "12"]
[WhiteElo "1750"]
[BlackElo "2027"]
[PlyCount "128"]
[WhiteFideId "12929069"]
[BlackFideId "12909572"]
[EventCountry "GER"]
[EventRounds "9"]
[EventType "swiss"]
[EventDate "2013.05.18"]

1. d4 Nf6 2. c4 g6 3. Nc3 Bg7 4. Bg5 O-O 5. e3 d6 6. Be2 Nbd7 7. Qc2 c5 8. Nf3
a6 9. O-O Rb8 10. Bh4 Qc7 11. Rac1 Re8 12. Rfd1 b6 13. h3 cxd4 14. Nxd4 Bb7 15.
b3 Ne5 16. Bxf6 Bxf6 17. Nd5 Bxd5 18. cxd5 Qb7 19. Nc6 Rbc8 20. f4 Nd7 21. b4
b5 22. Qd2 Nb8 23. Bg4 Rc7 24. Na5 Qb6 25. Rxc7 Qxc7 26. Rc1 Qb6 27. Kf2 h5 28.
Bf3 e5 29. dxe6 Rxe6 30. Rc8+ Kg7 31. g4 Rxe3 32. Rxb8 Rxf3+ 33. Kxf3 hxg4+ 34.
hxg4 Qxb8 35. g5 Qa8+ 36. Kg3 Be7 37. Qd4+ Kg8 38. Qb6 d5 39. Qc6 Qxc6 40. Nxc6
Bd6 41. a3 Kf8 42. Kf3 Ke8 43. Ke3 Kd7 44. Nd4 Bc7 45. Nb3 Bb6+ 46. Kf3 Ke6 47.
Nc1 Kf5 48. Ne2 Ba7 49. Ng3+ Ke6 50. Ne2 Bb6 51. Nc1 Kd6 52. Nb3 Ba7 53. Nc1
Bd4 54. Nd3 Ke6 55. Kg4 f6 56. gxf6 Kxf6 57. Ne1 Bb2 58. Nc2 d4 59. Kf3 d3 60.
Ne3 Ke6 61. Ke4 d2 62. Kd3 Bxa3 63. Kxd2 Bxb4+ 64. Kd3 Bc5 0-1

[Event "DEM U14 2013"]
[Site "Oberhof GER"]
[Date "2013.05.19"]
[Round "2"]
[White "Flüchter, Gregor"]
[Black "Schmekel, Florian"]
[Result "1-0"]
[Termination "normal"]
[Board "13"]
[WhiteElo "2002"]
[BlackElo "1570"]
[PlyCount "47"]
[WhiteFideId "12903396"]
[BlackFideId "12913456"]
[EventCountry "GER"]
[EventRounds "9"]
[EventType "swiss"]
[EventDate "2013.05.18"]

1. e4 c5 2. Nf3 Nc6 3. c3 d5 4. exd5 Qxd5 5. d4 Bg4 6. Be2 cxd4 7. cxd4 e6 8.
Nc3 Bb4 9. O-O Qa5 10. Bd2 Nge7 11. g3 Bxc3 12. Bxc3 Qb6 13. Qd2 O-O 14. Qg5
Bxf3 15. Bxf3 Nd5 16. Bxd5 exd5 17. Qxd5 Rad8 18. Qg5 Nxd4 19. Ba5 Qxb2 20.
Bxd8 Ne6 21. Qa5 Nxd8 22. Qxa7 Nc6 23. Qc5 Ra8 24. a4 1-0

[Event "DEM U14 2013"]
[Site "Oberhof GER"]
[Date "2013.05.19"]
[Round "2"]
[White "Pallas, Sebastian"]
[Black "Lai Hop, Long"]
[Result "1-0"]
[Termination "normal"]
[Board "14"]
[WhiteElo "1897"]
[BlackElo "1659"]
[PlyCount "51"]
[WhiteFideId "12905453"]
[BlackFideId "12942707"]
[EventCountry "GER"]
[EventRounds "9"]
[EventType "swiss"]
[EventDate "2013.05.18"]

1. e4 c5 2. Nf3 d6 3. d4 cxd4 4. Nxd4 Nf6 5. Nc3 e6 6. Bg5 a6 7. f4 Be7 8. Qf3
Qc7 9. O-O-O Nbd7 10. g4 b5 11. Bxf6 Bxf6 12. Bxb5 axb5 13. Ndxb5 Qa5 14. Nxd6+
Ke7 15. e5 Bxe5 16. fxe5 Nxe5 17. Qf4 f6 18. g5 Ng6 19. gxf6+ gxf6 20. Qe4 Rb8
21. Rhe1 Qe5 22. Qc4 Qf4+ 23. Qxf4 Nxf4 24. Rd4 Ng6 25. Red1 Rd8 26. Nf5+ 1-0

[Event "DEM U14 2013"]
[Site "Oberhof GER"]
[Date "2013.05.19"]
[Round "2"]
[White "Greßmann, Moritz"]
[Black "Killgus, Leonard"]
[Result "1/2-1/2"]
[Termination "normal"]
[Board "15"]
[WhiteElo "1883"]
[BlackElo "1662"]
[PlyCount "100"]
[WhiteFideId "24695084"]
[BlackFideId "12922021"]
[EventCountry "GER"]
[EventRounds "9"]
[EventType "swiss"]
[EventDate "2013.05.18"]

1. e4 e5 2. Nf3 Nc6 3. Bc4 Nf6 4. d3 Bc5 5. c3 a6 6. O-O Ba7 7. Nbd2 O-O 8. Re1
d6 9. Bb3 Qe7 10. Nf1 h6 11. Ng3 Nh7 12. h3 Nd8 13. Be3 Ne6 14. Nf5 Qf6 15. Nh2
Neg5 16. h4 Ne6 17. Ng4 Qd8 18. Ngxh6+ gxh6 19. Bxe6 fxe6 20. Qg4+ Kf7 21.
Nxh6+ Ke7 22. Qg7+ Ke8 23. Qg6+ Kd7 24. Qxh7+ Kc6 25. d4 b5 26. Bg5 Qe8 27.
Rad1 exd4 28. cxd4 Kb7 29. Qe7 Qxe7 30. Bxe7 Rh8 31. Ng4 e5 32. Ne3 Bxd4 33. b3
Be6 34. Kf1 Kc6 35. Ke2 Kd7 36. Bg5 a5 37. f4 Bxe3 38. Kxe3 exf4+ 39. Kxf4 a4
40. Rd3 axb3 41. axb3 Ra3 42. Rb1 c5 43. Rbd1 Rf8+ 44. Ke3 Rxb3 45. Bf4 Rf6 46.
e5 Rg6 47. Rxb3 Bxb3 48. Rxd6+ Rxd6 49. exd6 Bd1 50. Ke4 Ke6 1/2-1/2

[Event "DEM U14 2013"]
[Site "Oberhof GER"]
[Date "2013.05.19"]
[Round "2"]
[White "Goderbauer, Benedikt"]
[Black "Urban, Konstantin"]
[Result "1/2-1/2"]
[Termination "normal"]
[Board "16"]
[WhiteElo "1738"]
[BlackElo "1819"]
[PlyCount "53"]
[WhiteFideId "12967467"]
[BlackFideId "12927511"]
[EventCountry "GER"]
[EventRounds "9"]
[EventType "swiss"]
[EventDate "2013.05.18"]

1. e4 c5 2. Nc3 Nc6 3. Bb5 Nd4 4. Bc4 e6 5. Nge2 Ne7 6. Nxd4 cxd4 7. Nb5 Nc6 8.
c3 Qb6 9. O-O Ne5 10. Qe2 dxc3 11. dxc3 a6 12. Nd4 Be7 13. Bb3 O-O 14. Be3 Qc7
15. f4 Nc6 16. Qh5 Bf6 17. Rf3 g6 18. Qh6 Bg7 19. Qh4 Qd8 20. Qg4 d5 21. e5 Ne7
22. h4 h5 23. Qh3 f5 24. Qg3 Kh7 25. Rf2 Bd7 26. Rc2 b5 27. Rcc1 1/2-1/2

[Event "DEM U14 2013"]
[Site "Oberhof GER"]
[Date "2013.05.19"]
[Round "2"]
[White "Gröbel, Aaron"]
[Black "Lagunow, Raphael"]
[Result "0-1"]
[Termination "normal"]
[Board "17"]
[WhiteElo "1720"]
[BlackElo "1940"]
[PlyCount "120"]
[WhiteFideId "12914851"]
[BlackFideId "24652644"]
[EventCountry "GER"]
[EventRounds "9"]
[EventType "swiss"]
[EventDate "2013.05.18"]

1. e4 c5 2. Nf3 Nc6 3. d4 cxd4 4. Nxd4 g6 5. Be3 Nf6 6. Nc3 Bg7 7. Bc4 O-O 8.
O-O d6 9. h3 Bd7 10. Qd2 a6 11. Bb3 b5 12. a3 Rc8 13. f4 Nxd4 14. Bxd4 Bc6 15.
Rae1 e5 16. Bf2 Bh6 17. Be3 Nxe4 18. Nxe4 Bxe4 19. fxe5 Bxe3+ 20. Qxe3 Bxc2 21.
Ba2 dxe5 22. Qxe5 Bd3 23. Rf2 Bc4 24. Bxc4 Rxc4 25. Qe7 Qd4 26. Qe5 Rd8 27.
Qxd4 Rcxd4 28. Re7 f5 29. Re6 R4d6 30. Rfe2 R8d7 31. Re8+ Kg7 32. R2e6 Kf7 33.
R8e7+ Rxe7 34. Rxd6 Re2 35. Rxa6 Rxb2 36. Rb6 Rb3 37. Kf2 Kg7 38. Ra6 h6 39.
Ra7+ Kf6 40. a4 bxa4 41. Rxa4 Kg5 42. Rc4 Rb6 43. Kf3 Kf6 44. Kf4 g5+ 45. Kf3
h5 46. Ra4 Rb3+ 47. Kf2 Rb6 48. Kf3 Re6 49. Rb4 Rd6 50. Ra4 Ke5 51. h4 g4+ 52.
Ke3 Rd5 53. Rb4 Ra5 54. Rc4 f4+ 55. Ke2 Kf5 56. Rb4 g3 57. Kf3 Ra3+ 58. Ke2
Ra2+ 59. Kf1 Rf2+ 60. Kg1 Kg4 0-1

[Event "DEM U14 2013"]
[Site "Oberhof GER"]
[Date "2013.05.19"]
[Round "2"]
[White "Nothnagel, Marian Can"]
[Black "Ronge, Tim"]
[Result "1/2-1/2"]
[Termination "normal"]
[Board "18"]
[WhiteElo "1785"]
[BlackElo "1604"]
[PlyCount "64"]
[WhiteFideId "12921530"]
[BlackFideId "12955418"]
[EventCountry "GER"]
[EventRounds "9"]
[EventType "swiss"]
[EventDate "2013.05.18"]

1. d4 d5 2. c4 e6 3. Nf3 Nf6 4. Nc3 Be7 5. cxd5 exd5 6. Bg5 O-O 7. e3 c6 8. Be2
Be6 9. O-O Nbd7 10. Qc2 h6 11. Bh4 Re8 12. Rab1 a5 13. a3 Nf8 14. b4 axb4 15.
axb4 Ng6 16. Bg3 Nh5 17. b5 Nxg3 18. hxg3 Bd6 19. bxc6 bxc6 20. Bd3 Ne7 21.
Rfc1 Ba3 22. Rd1 Bg4 23. Ne2 Bd6 24. Nc1 Qc7 25. Nb3 Ra7 26. Nc5 Rea8 27. Rb2
Ra1 28. Rbb1 Bxc5 29. Qxc5 f6 30. Kh2 Rxb1 31. Rxb1 Ra2 32. Kg1 Qa7 1/2-1/2

[Event "DEM U14 2013"]
[Site "Oberhof GER"]
[Date "2013.05.19"]
[Round "2"]
[White "Cegielka, Michael"]
[Black "Nguyen, Huy Dat"]
[Result "1/2-1/2"]
[Termination "normal"]
[Board "19"]
[WhiteElo "1597"]
[BlackElo "1814"]
[PlyCount "46"]
[WhiteFideId "1270507"]
[BlackFideId "12923486"]
[EventCountry "GER"]
[EventRounds "9"]
[EventType "swiss"]
[EventDate "2013.05.18"]

1. e4 c5 2. Nf3 d6 3. d4 cxd4 4. Nxd4 Nf6 5. Nc3 Nc6 6. Be3 Bd7 7. Bc4 a6 8. a4
Rc8 9. O-O g6 10. f4 Bg7 11. Nxc6 Rxc6 12. Bb3 O-O 13. h3 Rc8 14. e5 dxe5 15.
fxe5 Nh5 16. Nd5 Bxe5 17. Bb6 Qe8 18. Re1 Bd6 19. g4 Be6 20. gxh5 Qc6 21. hxg6
hxg6 22. Qd4 Bxd5 23. Bxd5 Qxc2 1/2-1/2

[Event "DEM U14 2013"]
[Site "Oberhof GER"]
[Date "2013.05.19"]
[Round "2"]
[White "Spitzl, Vinzent"]
[Black "Karsay, Pascal"]
[Result "1-0"]
[Termination "normal"]
[Board "20"]
[WhiteElo "1806"]
[BlackElo "1693"]
[PlyCount "105"]
[WhiteFideId "12901253"]
[BlackFideId "12953474"]
[EventCountry "GER"]
[EventRounds "9"]
[EventType "swiss"]
[EventDate "2013.05.18"]

1. e4 e5 2. Nf3 d6 3. d4 Nf6 4. Nc3 Nbd7 5. Bg5 Be7 6. dxe5 dxe5 7. Bc4 c6 8.
O-O b5 9. Bd3 O-O 10. Ne2 Qc7 11. Ng3 Nc5 12. Qe2 Be6 13. Ne1 h6 14. Bd2 Bd6
15. c3 a5 16. b3 a4 17. b4 Nxd3 18. Nxd3 Bc4 19. Qf3 Rfd8 20. Bxh6 Bxd3 21.
Bxg7 Kxg7 22. Nf5+ Kf8 23. Qh3 Bxf1 24. Qh8+ Ng8 25. Qg7+ Ke8 26. Qxg8+ Bf8 27.
Ng7+ Ke7 28. Nf5+ Ke6 29. Qg4 Kd7 30. Ng7+ Ke7 31. Qh4+ f6 32. Qh7 Qb6 33. Nf5+
Ke6 34. Qg8+ Kd7 35. Rd1+ Kc8 36. Qe6+ Kb7 37. Rxf1 c5 38. Qf7+ Ka6 39. bxc5
Bxc5 40. Ne3 Bxe3 41. fxe3 Qxe3+ 42. Kh1 Rf8 43. Rxf6+ Qb6 44. Rxb6+ Kxb6 45.
Qe6+ Ka5 46. h3 Rae8 47. Qd7 Ka6 48. Qc6+ Ka5 49. Qb7 Rf6 50. Qa7+ Ra6 51. Qc7+
Rb6 52. c4 Ka6 53. cxb5+ 1-0

[Event "DEM U14 2013"]
[Site "Oberhof GER"]
[Date "2013.05.19"]
[Round "2"]
[White "Tiarks, Jann-Christian"]
[Black "Balazs, Balint"]
[Result "1-0"]
[Termination "normal"]
[Board "21"]
[WhiteElo "1535"]
[BlackElo "1857"]
[PlyCount "55"]
[WhiteFideId "12951595"]
[BlackFideId "12922757"]
[EventCountry "GER"]
[EventRounds "9"]
[EventType "swiss"]
[EventDate "2013.05.18"]

1. d4 Nf6 2. c4 c5 3. d5 e6 4. Nc3 exd5 5. Nxd5 Nxd5 6. Qxd5 Nc6 7. Nf3 d6 8.
a3 Be7 9. e3 O-O 10. Be2 Be6 11. Qd1 Na5 12. Qc2 d5 13. cxd5 Qxd5 14. Bd2 Bf5
15. Qa4 Nc6 16. Bc3 Qe6 17. O-O Qg6 18. Nh4 Qg5 19. Nxf5 Qxf5 20. Bf3 Rac8 21.
Bg4 Qg6 22. Bxc8 Rxc8 23. Rad1 Bd6 24. Qh4 Ne7 25. Rd2 Nf5 26. Qh3 Re8 27. Rfd1
h6 28. Rd5 1-0

[Event "DEM U14 2013"]
[Site "Oberhof GER"]
[Date "2013.05.19"]
[Round "2"]
[White "Herbrig, Alexander"]
[Black "Venukumar, Danny"]
[Result "1/2-1/2"]
[Termination "normal"]
[Board "22"]
[WhiteElo "1774"]
[BlackElo "1470"]
[PlyCount "45"]
[WhiteFideId "12952044"]
[BlackFideId "12939811"]
[EventCountry "GER"]
[EventRounds "9"]
[EventType "swiss"]
[EventDate "2013.05.18"]

1. e4 c6 2. d4 d5 3. Nc3 dxe4 4. Nxe4 Nf6 5. Nxf6+ gxf6 6. Bf4 Bf5 7. Nf3 e6 8.
c3 Bd6 9. Bg3 Qe7 10. Bd3 Bg6 11. Qd2 Nd7 12. O-O-O Nb6 13. c4 Nd7 14. Rhe1
O-O-O 15. Qc3 Bf4+ 16. Kb1 Bxg3 17. hxg3 Bxd3+ 18. Rxd3 Kb8 19. Nd2 f5 20. f4
h5 21. c5 Nf6 22. Rh1 Nd5 23. Qc1 1/2-1/2

[Event "DEM U14 2013"]
[Site "Oberhof GER"]
[Date "2013.05.20"]
[Round "3"]
[White "Ovsepyan, Arshak"]
[Black "Perske, Thore"]
[Result "0-1"]
[Termination "normal"]
[Board "1"]
[WhiteElo "1997"]
[BlackElo "2158"]
[PlyCount "70"]
[WhiteFideId "24690236"]
[BlackFideId "12902195"]
[EventCountry "GER"]
[EventRounds "9"]
[EventType "swiss"]
[EventDate "2013.05.18"]

1. d4 Nf6 2. c4 g6 3. Nc3 Bg7 4. e4 d6 5. Nge2 O-O 6. Ng3 a6 7. Be2 h5 8. h4 c5
9. d5 b5 10. cxb5 axb5 11. Bxb5 Ba6 12. Bxa6 Nxa6 13. Nge2 Qd7 14. Bf4 Rfb8 15.
Rb1 Qg4 16. e5 dxe5 17. Bxe5 Rd8 18. Ng3 Nb4 19. Qxg4 hxg4 20. O-O Nxa2 21.
Bxf6 Bxf6 22. Nge4 Nxc3 23. bxc3 Rxd5 24. Nxf6+ exf6 25. Rb5 Ra3 26. Rc1 Ra2
27. g3 Rf5 28. c4 Kg7 29. Rc3 Raxf2 30. Rc1 Rd2 31. Re1 Rf3 32. Rxc5 Rxg3+ 33.
Kh1 Rh3+ 34. Kg1 g3 35. Rc8 g2 0-1